LEADER 00919nam0-2200265 --450 001 9910303959503321 005 20190118103002.0 010 $a1786435276 010 $a9781786435279 100 $a20190118d2018----kmuy0itay5050----ba 101 0 $aeng 102 $aGB 200 1 $aImmigration policy and the shaping of U.S. culture$ebecoming America$fRoger White (Professor of Economics, Whittier College, USA) 210 1$aCheltenham, UK ; Northampton, MA$bEdward Elgar Publishing$c2018 215 $aix, 205 p.$cill.$d25 cm 610 0 $aEmigrazione e iimigrazione$aAspetti Sociali$aStati Uniti d'America 676 $a325.73$v23$zita 700 1$aWhite,$bRoger$f<1967->$0761537 801 0$aIT$bUNINA$gREICAT$2UNIMARC 901 $aBK 912 $a9910303959503321 952 $aMIGR. 129$b1788/18$fFSPBC 959 $aFSPBC 996 $aImmigration policy and the shaping of U.S. culture$91541910 997 $aUNINA LEADER 00905nam0 2200289 450 001 9910504902903321 005 20231222114544.0 010 $a9788851177959 100 $a20211112d2020----km y0itay50 ba 101 0 $aita 102 $aIT 105 $a 001yy 200 1 $aIndisponibilità e disponibilità della vita$euna difesa filosofico giuridica del suicidio assistito e dell'eutanasia volontaria$fGiovanni Fornero 210 $aTorino$cUTET$d2020 215 $a812 p.$d23 cm 610 0 $aMorte$aEutanasia$aAspetti etici 676 $a179.7$v23$zita 700 1$aFornero,$bGiovanni$f<1950- >$0144314 801 0$aIT$bUNINA$gREICAT$2UNIMARC 901 $aBK 912 $a9910504902903321 952 $a179.7 FOR 1$b8811$fBFS 952 $aXI H 171$b2021/1992$fFGBC 959 $aBFS 959 $aFGBC 996 $aIndisponibilità e disponibilità della vita$92632692 997 $aUNINA